[Event "27e Open International Avoine"]
[Site "Espace culturel d'Avoine-3742"]
[Date "2012.07.23"]
[Round "3.13"]
[White "Petre, Nad-Titus"]
[Black "Eden, James"]
[Result "1-0"]
[WhiteElo "2362"]
[BlackElo "2129"]
[PlyCount "83"]
[EventDate "2012.??.??"]

1. Nf3 Nf6 2. g3 g6 3. b3 Bg7 4. Bb2 O-O 5. Bg2 d5 6. c4 c6 7. O-O Nbd7 8. Qc2
Re8 9. Nc3 dxc4 10. bxc4 e5 11. Rab1 Nb6 12. d3 Qe7 13. Nd2 Be6 14. a4 Qc7 15.
Ba3 Rad8 16. Qb3 Bc8 17. Bc5 Nfd7 18. Bb4 Bf8 19. Bxf8 Nxf8 20. Nde4 Qe7 21. c5
Nbd7 22. Qc4 Qe6 23. Nd6 Qxc4 24. dxc4 Nxc5 25. Nxe8 Rxe8 26. Rfd1 Be6 27. Ne4
Nxe4 28. Bxe4 Nd7 29. Rxd7 Bxd7 30. Rxb7 Be6 31. Bxc6 Rc8 32. Bd5 Bxd5 33. cxd5
Rd8 34. e4 a6 35. Re7 Kf8 36. Rxe5 Rd6 37. a5 Rd8 38. Kg2 Rb8 39. d6 Rd8 40.
Rd5 Ke8 41. e5 Kd7 42. Rc5 1-0

[Event "27e Open International Avoine"]
[Site "Espace culturel d'Avoine-3742"]
[Date "2012.07.23"]
[Round "3.16"]
[White "Dieu, Bruno"]
[Black "Colandrea, Sauveur"]
[Result "1-0"]
[WhiteElo "2279"]
[BlackElo "1824"]
[PlyCount "25"]
[EventDate "2012.??.??"]

1. e4 Nf6 2. Nc3 e5 3. Nf3 Nc6 4. a3 d5 5. Bb5 dxe4 6. Nxe5 Qd6 7. d4 exd3 8.
O-O Bd7 9. Nxd7 Qxd7 10. Bxd3 Be7 11. Bg5 O-O 12. Bxf6 Bxf6 13. Bxh7+ 1-0

[Event "27e Open International Avoine"]
[Site "Espace culturel d'Avoine-3742"]
[Date "2012.07.23"]
[Round "3.17"]
[White "Navrotescu, Andreea-Cristiana"]
[Black "Gerard, Nicolas"]
[Result "1/2-1/2"]
[WhiteElo "2100"]
[BlackElo "2279"]
[PlyCount "50"]
[EventDate "2012.??.??"]

1. d4 d5 2. c4 dxc4 3. Nf3 Nf6 4. Nc3 a6 5. a4 Nc6 6. e3 Na5 7. Ne5 e6 8. Nxc4
c5 9. Ne5 Qb6 10. Rb1 Be7 11. dxc5 Qxc5 12. Qd4 Qc7 13. b4 Nc6 14. Nxc6 Qxc6
15. b5 Qc7 16. Bb2 O-O 17. Qc4 Qa5 18. Bd3 Bd7 19. O-O Rac8 20. Qb3 axb5 21.
axb5 Qb4 22. Qxb4 Bxb4 23. Ne2 Nd5 24. Bd4 Bd6 25. Be4 Nb4 1/2-1/2

[Event "27e Open International Avoine"]
[Site "Espace culturel d'Avoine-3742"]
[Date "2012.07.23"]
[Round "3.18"]
[White "Oney, Remel"]
[Black "Barbot, Pierre"]
[Result "1-0"]
[WhiteElo "1814"]
[BlackElo "2271"]
[PlyCount "68"]
[EventDate "2012.??.??"]

1. d4 Nf6 2. Nf3 g6 3. Nbd2 d5 4. e3 Bg7 5. Bd3 O-O 6. c3 b6 7. e4 dxe4 8. Nxe4
Nbd7 9. O-O Bb7 10. Ng3 c5 11. Qe2 Qc7 12. Ne5 cxd4 13. cxd4 Rad8 14. f4 Nxe5
15. dxe5 Nd5 16. Bd2 Qc5+ 17. Kh1 Qd4 18. Bc4 Qxb2 19. Rab1 Qd4 20. h4 Nc3 21.
Bxc3 Qxc3 22. Rb3 Qd2 23. Rd3 Rxd3 24. Bxd3 Qxe2 25. Bxe2 Bh6 26. f5 Rd8 27. e6
f6 28. fxg6 hxg6 29. h5 Rd2 30. hxg6 Bd5 31. Nf5 Rxe2 32. Nxe7+ Kg7 33. Nxd5
Rxe6 34. Rc1 Bxc1 1-0

[Event "27e Open International Avoine"]
[Site "Espace culturel d'Avoine-3742"]
[Date "2012.07.23"]
[Round "3.19"]
[White "Barberis, Valentin"]
[Black "Ribeiro, Romain"]
[Result "0-1"]
[WhiteElo "1787"]
[BlackElo "2204"]
[PlyCount "58"]
[EventDate "2012.??.??"]

1. e4 c5 2. a3 e6 3. b4 cxb4 4. axb4 Bxb4 5. c3 Bf8 6. d4 d5 7. e5 Nc6 8. Bd3
Bd7 9. f4 Rc8 10. Ba3 Bxa3 11. Rxa3 a6 12. Nf3 Na7 13. Qd2 Bb5 14. Bc2 Ne7 15.
Rg1 Nac6 16. g4 Na5 17. Qf2 Nc4 18. Ra2 Qd7 19. Nh4 f6 20. f5 fxe5 21. fxe6
Qxe6 22. Nf5 exd4+ 23. Kd1 Ne3+ 24. Kc1 O-O 25. Re1 N7xf5 26. gxf5 Qh6 27. Kb2
Nxc2 28. Qxc2 dxc3+ 29. Nxc3 d4 0-1

[Event "27e Open International Avoine"]
[Site "Espace culturel d'Avoine-3742"]
[Date "2012.07.23"]
[Round "3.20"]
[White "Naudion, Gregoire"]
[Black "Le Roc'H, Daniel"]
[Result "1-0"]
[WhiteElo "2175"]
[BlackElo "1769"]
[PlyCount "47"]
[EventDate "2012.??.??"]

1. e4 e5 2. Nf3 Nc6 3. Bc4 Nf6 4. d4 exd4 5. e5 d5 6. Bb5 Ne4 7. Nxd4 Bd7 8.
Bxc6 bxc6 9. O-O Bc5 10. Be3 O-O 11. Nd2 f5 12. Nxe4 Bxd4 13. Nf6+ gxf6 14.
Qxd4 fxe5 15. Qxe5 Re8 16. Qg3+ Kf7 17. Bg5 Qb8 18. Qh3 Qxb2 19. c3 Kg8 20. Bf6
Qd2 21. Qg3+ Kf7 22. Qg7+ Ke6 23. Rfe1+ Kd6 24. Qe7+ 1-0

[Event "27e Open International Avoine"]
[Site "Espace culturel d'Avoine-3742"]
[Date "2012.07.23"]
[Round "3.21"]
[White "Trost, Michel"]
[Black "Nabavi, Parwis"]
[Result "0-1"]
[WhiteElo "1725"]
[BlackElo "2164"]
[PlyCount "73"]
[EventDate "2012.??.??"]

1. d4 d5 2. c4 e6 3. Nc3 Nf6 4. Bg5 Be7 5. Nf3 h6 6. Bxf6 Bxf6 7. e3 O-O 8. Qc2
c5 9. cxd5 exd5 10. Be2 c4 11. O-O Nc6 12. a3 Re8 13. Nd2 a6 14. Bf3 Be6 15.
Nxc4 dxc4 16. d5 Ne5 17. dxe6 Nxf3+ 18. gxf3 Rxe6 19. Rad1 Qb6 20. Rd2 Bxc3 21.
Qxc3 Qc5 22. Rd4 Rg6+ 23. Rg4 Rxg4+ 24. fxg4 Rd8 25. Rc1 b5 26. a4 Qg5 27. h3
h5 28. Kh2 Rd3 29. Qe1 hxg4 30. Qg1 Qe5+ 31. Kh1 gxh3 32. Qg4 Rd6 33. axb5 axb5
34. b3 Rg6 35. Qc8+ Kh7 36. bxc4 Qe4+ 37. Kh2 0-1

[Event "27e Open International Avoine"]
[Site "Espace culturel d'Avoine-3742"]
[Date "2012.07.23"]
[Round "3.23"]
[White "Tirard, Hugo"]
[Black "Hadet, Emmanuel"]
[Result "1-0"]
[WhiteElo "2452"]
[BlackElo "1999"]
[PlyCount "67"]
[EventDate "2012.??.??"]

1. e4 e5 2. Nf3 Nc6 3. Bb5 Nf6 4. d3 Bc5 5. O-O d6 6. c3 O-O 7. Nbd2 a6 8. Ba4
Bb6 9. h3 h6 10. Re1 Ne7 11. d4 Ng6 12. Nc4 Qe7 13. Nxb6 cxb6 14. Bc2 b5 15.
Nh2 Be6 16. Nf1 Rac8 17. a3 Rfd8 18. d5 Bd7 19. Be3 Rf8 20. Kh2 Nf4 21. Bxf4
exf4 22. Kh1 Rfe8 23. Nh2 Qe5 24. Qd2 g5 25. Nf3 Qe7 26. e5 dxe5 27. d6 Qf8 28.
Nxe5 Rcd8 29. Rad1 Qg7 30. Nxd7 Nxd7 31. Re7 Qf6 32. Rde1 Rf8 33. Qd5 Nb6 34.
Qd3 1-0

[Event "27e Open International Avoine"]
[Site "Espace culturel d'Avoine-3742"]
[Date "2012.07.23"]
[Round "3.25"]
[White "Goettelmann, Guillaume"]
[Black "Marholev, Dimitar"]
[Result "0-1"]
[WhiteElo "2007"]
[BlackElo "2356"]
[PlyCount "108"]
[EventDate "2012.??.??"]

1. d4 Nf6 2. Nf3 g6 3. c4 Bg7 4. Nc3 O-O 5. e4 d6 6. Be2 c5 7. d5 e6 8. O-O
exd5 9. cxd5 Re8 10. Nd2 Na6 11. Re1 Nc7 12. a4 Rb8 13. Qc2 a6 14. a5 Bd7 15.
Nc4 Bb5 16. Bg5 h6 17. Bh4 g5 18. Bg3 Bxc4 19. Bxc4 Nh5 20. Qd3 Nf4 21. Qf3 Be5
22. Ra3 b5 23. axb6 Rxb6 24. Nd1 Qf6 25. Bxf4 Bxf4 26. g3 Be5 27. Qxf6 Bxf6 28.
b3 Bd4 29. Kg2 f5 30. f3 fxe4 31. Rxe4 Rxe4 32. fxe4 Kg7 33. Kf3 Kf6 34. Ne3
Bxe3 35. Kxe3 Nb5 36. Ra2 Nd4 37. Rxa6 Rxa6 38. Bxa6 Nxb3 39. h4 Ke5 40. hxg5
hxg5 41. Kd3 Nd4 42. Bc4 Kf6 43. Ke3 Nc2+ 44. Kd3 Nb4+ 45. Ke3 Ke5 46. Bb3 Na6
47. Bc4 Nc7 48. Bb3 Ne8 49. Bd1 Nf6 50. Bc2 c4 51. Bb1 Nd7 52. Bc2 Nc5 53. Bb1
c3 54. Bc2 Na6 0-1

[Event "27e Open International Avoine"]
[Site "Espace culturel d'Avoine-3742"]
[Date "2012.07.23"]
[Round "3.26"]
[White "Kempinski, Andre"]
[Black "Godart, Francois"]
[Result "0-1"]
[WhiteElo "1990"]
[BlackElo "2317"]
[PlyCount "92"]
[EventDate "2012.??.??"]

1. e4 e6 2. d4 d5 3. Nc3 Bb4 4. e5 c5 5. a3 Bxc3+ 6. bxc3 Qa5 7. Bd2 Qa4 8. Qb1
c4 9. Be2 Nc6 10. Nh3 Bd7 11. O-O O-O-O 12. Qb2 f6 13. f4 Nh6 14. g4 Rdf8 15.
Nf2 fxe5 16. fxe5 Be8 17. Rab1 b6 18. Rbe1 Bg6 19. Bd1 Nf7 20. Nh3 Ncd8 21. Nf4
Be4 22. Nh5 Rhg8 23. h4 Qd7 24. Ng3 Nc6 25. Qc1 Qd8 26. Nxe4 dxe4 27. g5 Nh8
28. Rxf8 Rxf8 29. Rxe4 Qd5 30. Rg4 Rd8 31. Rg2 Nxd4 32. cxd4 Qxd4+ 33. Rf2 c3
34. Be3 Qxd1+ 35. Qxd1 Rxd1+ 36. Kg2 Ng6 37. Kg3 Nxe5 38. Rf8+ Kd7 39. Rh8 Nc4
40. Kf2 Nxa3 41. Ke2 Rh1 42. Rxh7 Nxc2 43. Bf2 Na3 44. Rxg7+ Kd6 45. Rxa7 c2
46. Be3 Nc4 0-1

[Event "27e Open International Avoine"]
[Site "Espace culturel d'Avoine-3742"]
[Date "2012.07.23"]
[Round "3.27"]
[White "Frick, Christoph"]
[Black "Nord, Antoine"]
[Result "1-0"]
[WhiteElo "2258"]
[BlackElo "1990"]
[PlyCount "113"]
[EventDate "2012.??.??"]

1. Nc3 e5 2. Nf3 Nc6 3. d4 exd4 4. Nxd4 Bc5 5. Nb3 Bb6 6. a4 Na5 7. Nd4 Qf6 8.
e3 Ne7 9. Bd3 d5 10. O-O c5 11. Nf3 Nac6 12. e4 d4 13. Nd5 Qd6 14. Bf4 Qd8 15.
Ng5 Ng6 16. Qh5 h6 17. Nxf7 Kxf7 18. Nxb6 axb6 19. Bc4+ Kf6 20. Bd2 Nce5 21.
Be2 Qe8 22. f4 Nc6 23. Bd3 Ke7 24. e5 Nxf4 25. Qxe8+ Rxe8 26. Bxf4 Bd7 27. Bg3
Nb4 28. Bg6 Be6 29. c3 dxc3 30. bxc3 Nd5 31. Bxe8 Kxe8 32. Rfb1 Kd7 33. a5 Kc6
34. axb6 Rxa1 35. Rxa1 Kxb6 36. Be1 Kc6 37. h3 Nf4 38. Ra8 Bd5 39. Rd8 Be4 40.
Rd6+ Kc7 41. Bg3 Ne2+ 42. Kf2 Nxg3 43. Kxg3 g6 44. Kf2 h5 45. g4 hxg4 46. hxg4
b5 47. Ke3 Bc2 48. Rd2 Bb3 49. Kf4 Be6 50. Rd6 Bf7 51. Kg5 b4 52. cxb4 cxb4 53.
Kf6 Be8 54. Ke7 Bc6 55. e6 b3 56. Rd4 Bf3 57. Rc4+ 1-0

[Event "27e Open International Avoine"]
[Site "Espace culturel d'Avoine-3742"]
[Date "2012.07.23"]
[Round "3.28"]
[White "Duhayon, Yves"]
[Black "Lesbros, Bernard"]
[Result "1/2-1/2"]
[WhiteElo "2221"]
[BlackElo "1989"]
[PlyCount "61"]
[EventDate "2012.??.??"]

1. d4 Nf6 2. Nf3 g6 3. Bf4 Bg7 4. e3 c5 5. c3 O-O 6. h3 b6 7. Nbd2 Bb7 8. Be2
Nc6 9. O-O d5 10. Ne5 Nxe5 11. Bxe5 Nd7 12. Bxg7 Kxg7 13. Nf3 Qc7 14. a4 e5 15.
dxe5 Nxe5 16. Nxe5 Qxe5 17. Bf3 Rad8 18. a5 b5 19. a6 Bc6 20. Qd3 Rd6 21. b4
cxb4 22. cxb4 d4 23. Bxc6 Rxc6 24. exd4 Qd5 25. Rfe1 Rd8 26. Re7 Qxd4 27. Qxd4+
Rxd4 28. Rxa7 Rxb4 29. Rb7 Ra4 30. Rb1 Rcxa6 31. R1xb5 1/2-1/2

[Event "27e Open International Avoine"]
[Site "Espace culturel d'Avoine-3742"]
[Date "2012.07.23"]
[Round "3.29"]
[White "Come, Alexandre"]
[Black "Tache, Benjamin"]
[Result "0-1"]
[WhiteElo "2204"]
[BlackElo "1985"]
[PlyCount "60"]
[EventDate "2012.??.??"]

1. e4 c6 2. Nc3 d5 3. Nf3 g6 4. exd5 cxd5 5. Bb5+ Bd7 6. Qe2 Nf6 7. Ne5 Bg7 8.
Bxd7+ Nfxd7 9. Nf3 d4 10. Ne4 O-O 11. O-O Nc6 12. d3 h6 13. c4 f5 14. Ng3 e5
15. b4 e4 16. Ne1 Re8 17. Rb1 exd3 18. Qxd3 Nde5 19. Qb3 d3 20. c5+ Kh7 21. Bb2
Nd4 22. Bxd4 Qxd4 23. Rd1 Rad8 24. Nc2 Qc4 25. Qxc4 Nxc4 26. Ne1 Nb2 27. Rd2
Bc3 28. Nf3 Bxd2 29. Nxd2 Re2 30. Nb3 d2 0-1

[Event "27e Open International Avoine"]
[Site "Espace culturel d'Avoine-3742"]
[Date "2012.07.23"]
[Round "3.30"]
[White "Bouget, Alexandre"]
[Black "Gallois, Jerome"]
[Result "1-0"]
[WhiteElo "2202"]
[BlackElo "1972"]
[PlyCount "57"]
[EventDate "2012.??.??"]

1. d4 d5 2. c4 e6 3. Nc3 Nf6 4. cxd5 exd5 5. Bg5 Be7 6. e3 c6 7. Bd3 Nbd7 8.
Qc2 O-O 9. Nge2 Re8 10. O-O Nf8 11. f3 Be6 12. Rad1 Qa5 13. Kh1 Rac8 14. a3 Nh5
15. Bxe7 Rxe7 16. g4 Nf6 17. b4 Qc7 18. Ng3 g6 19. Qg2 Qd7 20. Rde1 Ne8 21. f4
Bxg4 22. f5 Kh8 23. Rf4 Bxf5 24. Nxf5 gxf5 25. Bxf5 Ne6 26. Bxh7 N8g7 27. Rh4
Nf4 28. Bf5+ Kg8 29. Rxf4 1-0

[Event "27e Open International Avoine"]
[Site "Espace culturel d'Avoine-3742"]
[Date "2012.07.23"]
[Round "3.32"]
[White "Duboue, Peio"]
[Black "Le Ray, Jean-Yves"]
[Result "1-0"]
[WhiteElo "2189"]
[BlackElo "1951"]
[PlyCount "67"]
[EventDate "2012.??.??"]

1. e4 b6 2. d4 Bb7 3. Nc3 e6 4. Nf3 Bb4 5. Bd3 Nf6 6. Qe2 d5 7. exd5 Nxd5 8.
Bd2 Bxc3 9. bxc3 Qe7 10. O-O Nd7 11. c4 N5f6 12. a4 O-O 13. a5 Qd6 14. c3 c5
15. Be3 e5 16. Nh4 e4 17. Bc2 Qe6 18. d5 Qe5 19. Qd2 Ba6 20. Bb3 Nh5 21. g4
Nhf6 22. Bf4 Qe7 23. Nf5 Qd8 24. Bd6 e3 25. Qxe3 Re8 26. Qg5 g6 27. Rfe1 Ne4
28. Ne7+ Rxe7 29. Qxe7 Qxe7 30. Bxe7 Nd2 31. Bd1 Bxc4 32. axb6 Nxb6 33. Bg5 Nb3
34. Ra3 1-0

[Event "27e Open International Avoine"]
[Site "Espace culturel d'Avoine-3742"]
[Date "2012.07.23"]
[Round "3.33"]
[White "Le Franc, Yves"]
[Black "Purenne, Benoit"]
[Result "1-0"]
[WhiteElo "1986"]
[BlackElo "2167"]
[PlyCount "57"]
[EventDate "2012.??.??"]

1. e4 c5 2. Nc3 g6 3. g3 Bg7 4. d3 Nc6 5. Be3 Nd4 6. Bg2 d6 7. Qd2 Qa5 8. Nge2
Nxe2 9. Kxe2 h5 10. h3 e6 11. Rhe1 Ne7 12. Kf1 Nc6 13. Nd1 Qb6 14. Rb1 Qa6 15.
a3 Bd7 16. Kg1 O-O-O 17. Nc3 h4 18. b4 Nd4 19. bxc5 dxc5 20. a4 hxg3 21. fxg3
Qa5 22. e5 Bc6 23. Nb5 Qxa4 24. Bxd4 Bxb5 25. Bxc5 Bc6 26. Ra1 Qb5 27. Ra5 Qc4
28. Bxc6 bxc6 29. Qg2 1-0

[Event "27e Open International Avoine"]
[Site "Espace culturel d'Avoine-3742"]
[Date "2012.07.23"]
[Round "3.34"]
[White "Gesing, Oliver"]
[Black "Touzeau, Maxime"]
[Result "1/2-1/2"]
[WhiteElo "2165"]
[BlackElo "1950"]
[PlyCount "74"]
[EventDate "2012.??.??"]

1. e4 c6 2. Nc3 d5 3. Nf3 Bg4 4. h3 Bxf3 5. Qxf3 dxe4 6. Nxe4 Nd7 7. d4 Ngf6 8.
Ng3 e6 9. Bd3 Qa5+ 10. c3 Qd5 11. Qxd5 Nxd5 12. Ne4 N5f6 13. Bf4 Nxe4 14. Bxe4
Nf6 15. Bf3 O-O-O 16. O-O Bd6 17. Bxd6 Rxd6 18. b4 Nd5 19. Rfc1 a6 20. a4 Rhd8
21. Ra3 Nb6 22. Rb1 R8d7 23. b5 cxb5 24. axb5 axb5 25. Rxb5 Rc7 26. Rab3 Nd5
27. c4 Rxc4 28. Rxb7 Rc7 29. Rb8+ Kd7 30. Rg8 g6 31. Rg7 Ke7 32. Rxh7 Nf6 33.
Rh4 g5 34. Rh8 Rxd4 35. Rb5 g4 36. hxg4 Nxg4 37. g3 Nf6 1/2-1/2

[Event "27e Open International Avoine"]
[Site "Espace culturel d'Avoine-3742"]
[Date "2012.07.23"]
[Round "3.36"]
[White "Louis, Thibault"]
[Black "Mattheys, Eddy"]
[Result "1-0"]
[WhiteElo "2151"]
[BlackElo "1940"]
[PlyCount "47"]
[EventDate "2012.??.??"]

1. e4 e6 2. d4 d5 3. Nc3 Nf6 4. Bg5 Be7 5. e5 Nfd7 6. h4 c5 7. Bxe7 Qxe7 8. Nb5
O-O 9. Nc7 Nc6 10. Nxa8 Nxd4 11. c3 Nc6 12. Nf3 Ndxe5 13. Nxe5 Nxe5 14. Qb3 Qd6
15. Qa3 Nc6 16. Bb5 b6 17. Bxc6 Qxc6 18. Qxa7 d4 19. O-O-O Bb7 20. Qxb6 dxc3
21. Qxc6 cxb2+ 22. Kxb2 Bxc6 23. Nb6 g5 24. Nd7 1-0

[Event "27e Open International Avoine"]
[Site "Espace culturel d'Avoine-3742"]
[Date "2012.07.23"]
[Round "3.37"]
[White "Wenzel, Johannes"]
[Black "Dreux, Vincent"]
[Result "1-0"]
[WhiteElo "2136"]
[BlackElo "1934"]
[PlyCount "95"]
[EventDate "2012.??.??"]

1. Nf3 d5 2. d4 Nf6 3. e3 Bg4 4. c4 e6 5. Qb3 b6 6. Ne5 c6 7. Qa4 Qc7 8. Nc3
Bf5 9. cxd5 exd5 10. Bd2 Bd6 11. f4 O-O 12. Be2 h6 13. O-O Ne4 14. Nxe4 Bxe4
15. Rac1 c5 16. Ng4 Nc6 17. Nf2 Bf5 18. Bf3 Ne7 19. dxc5 bxc5 20. Rfd1 Bd7 21.
Qa5 Rac8 22. b3 Qb6 23. g3 Bc6 24. Qxb6 axb6 25. a4 Rfe8 26. Ra1 Rc7 27. e4 Rd7
28. e5 Bb8 29. Nd3 Ba7 30. Kg2 Ba8 31. Nc1 d4 32. Bxa8 Rxa8 33. Nd3 Nd5 34. Kf3
g6 35. g4 Re8 36. Re1 Rde7 37. Nb2 f6 38. Nc4 Bb8 39. exf6 Rxe1 40. Rxe1 Rxe1
41. Bxe1 Kf7 42. Bd2 Ke6 43. h3 Bc7 44. g5 Bd8 45. Ke4 h5 46. Ne5 Nxf6+ 47.
gxf6 Kxf6 48. Be1 1-0

[Event "27e Open International Avoine"]
[Site "Espace culturel d'Avoine-3742"]
[Date "2012.07.23"]
[Round "3.38"]
[White "Le Goff, Ronan"]
[Black "Savalle, Alexandre"]
[Result "1/2-1/2"]
[WhiteElo "2124"]
[BlackElo "1929"]
[PlyCount "83"]
[EventDate "2012.??.??"]

1. d4 Nf6 2. Nf3 g6 3. Nc3 d5 4. Bf4 Bg7 5. e3 O-O 6. Be2 c6 7. Ne5 Nbd7 8. h4
Ne4 9. Nxe4 dxe4 10. Ng4 h5 11. Nh2 e5 12. dxe5 Qa5+ 13. c3 Nxe5 14. O-O Rd8
15. Qc2 Bf5 16. Rfd1 Rxd1+ 17. Qxd1 Rd8 18. Qb3 b6 19. Nf1 Nd3 20. Bg5 Rd5 21.
a4 Be6 22. Qc2 c5 23. Rd1 c4 24. Nd2 Nxb2 25. Rb1 Qxc3 26. Qxc3 Bxc3 27. Nxe4
Bg7 28. Nf6+ Bxf6 29. Bxf6 Nd3 30. Rd1 Nc5 31. Bd4 Nxa4 32. Bxc4 Rd6 33. Bxe6
Rxe6 34. Ra1 Nc5 35. Rxa7 Kf8 36. Kf1 Ke8 37. Ke2 Rc6 38. g3 Nd7 39. Kd3 Ke7
40. Ke4 Ke6 41. Ra6 Rd6 42. Ra7 1/2-1/2

[Event "27e Open International Avoine"]
[Site "Espace culturel d'Avoine-3742"]
[Date "2012.07.23"]
[Round "3.40"]
[White "Devallee, Jeremie"]
[Black "Letonnelier, Jean-Pierre"]
[Result "1/2-1/2"]
[WhiteElo "2106"]
[BlackElo "1915"]
[PlyCount "44"]
[EventDate "2012.??.??"]

1. d4 Nf6 2. Nf3 e6 3. Bf4 c5 4. e3 b6 5. h3 Bb7 6. Nbd2 Be7 7. Bd3 O-O 8. c3
cxd4 9. exd4 d6 10. O-O Nbd7 11. Re1 Re8 12. Nc4 Nf8 13. a4 Ng6 14. Bh2 Rc8 15.
Ne3 Nd5 16. a5 Ndf4 17. Bb5 Rf8 18. a6 Ba8 19. Nc2 Nxg2 20. Rf1 N2f4 21. Bxf4
Nxf4 22. Kh2 Be4 1/2-1/2

[Event "27e Open International Avoine"]
[Site "Espace culturel d'Avoine-3742"]
[Date "2012.07.23"]
[Round "3.41"]
[White "Auvray, Juliette"]
[Black "Heurtebize, Christophe"]
[Result "1-0"]
[WhiteElo "1941"]
[BlackElo "2106"]
[PlyCount "55"]
[EventDate "2012.??.??"]

1. e4 e6 2. d4 d5 3. Nc3 dxe4 4. Nxe4 Nd7 5. Nf3 Ngf6 6. Bg5 Be7 7. Bxf6 Bxf6
8. c3 O-O 9. Bd3 Be7 10. Qc2 b6 11. h4 Bb7 12. O-O-O h6 13. Qe2 Qc8 14. Kb1 c5
15. Bc2 Ba6 16. Qe3 c4 17. g4 b5 18. g5 h5 19. g6 b4 20. gxf7+ Rxf7 21. Neg5
Bxg5 22. Nxg5 Re7 23. d5 bxc3 24. d6 Qb8 25. Qxc3 Re8 26. Rhg1 e5 27. Be4 Bb7
28. Qxc4+ 1-0

[Event "27e Open International Avoine"]
[Site "Espace culturel d'Avoine-3742"]
[Date "2012.07.23"]
[Round "3.42"]
[White "Aubry, Yannis"]
[Black "Guinovart, Jose"]
[Result "1-0"]
[WhiteElo "2104"]
[BlackElo "1912"]
[PlyCount "97"]
[EventDate "2012.??.??"]

1. e4 d5 2. exd5 Nf6 3. Nc3 Nxd5 4. Bc4 Nf6 5. d4 Bg4 6. Nge2 e6 7. f3 Bf5 8.
Bg5 Be7 9. Qd2 h6 10. Bh4 O-O 11. O-O-O Nc6 12. g4 Bg6 13. Nf4 Nd5 14. Nxg6
Bxh4 15. Bxd5 fxg6 16. Bxe6+ Kh7 17. Qd3 Qf6 18. Bd5 Nb4 19. Qc4 Nxd5 20. Nxd5
Qxf3 21. Kb1 c6 22. Nc7 Rac8 23. Ne6 Rf6 24. Nc5 b5 25. Qd3 Qxg4 26. a4 bxa4
27. Qa6 Rc7 28. Qa5 Rcf7 29. Qxa4 Qe2 30. Nd3 Rf1 31. Rhxf1 Rxf1 32. Rxf1 Qxf1+
33. Ka2 Qf7+ 34. b3 Qc7 35. d5 Bf6 36. dxc6 Qxh2 37. Qc4 Qc7 38. c3 Qa5+ 39.
Kb2 Qc7 40. Nf4 Bg5 41. Nd5 Qh2+ 42. Ka3 a5 43. c7 Qd6+ 44. b4 Bc1+ 45. Ka4
Qd7+ 46. Kxa5 Bg5 47. c8=Q Bd8+ 48. Ka6 Qa4+ 49. Kb7 1-0

[Event "27e Open International Avoine"]
[Site "Espace culturel d'Avoine-3742"]
[Date "2012.07.23"]
[Round "3.43"]
[White "Lombart, Philippe"]
[Black "Haussernot, Cecile"]
[Result "1-0"]
[WhiteElo "1938"]
[BlackElo "2099"]
[PlyCount "71"]
[EventDate "2012.??.??"]

1. d4 Nf6 2. c4 e6 3. Nc3 Bb4 4. Qc2 d5 5. Nf3 c5 6. e3 Nc6 7. cxd5 exd5 8.
dxc5 Bxc5 9. Be2 O-O 10. O-O Bg4 11. Rd1 Qd6 12. a3 Rad8 13. b4 Bb6 14. Bb2 a6
15. h3 Bh5 16. Rac1 Rfe8 17. b5 axb5 18. Nxb5 Qe7 19. Nbd4 Bxf3 20. Bxf3 Ne5
21. Be2 Ne4 22. Nf3 Nxf3+ 23. Bxf3 Qg5 24. Bd4 Qg6 25. Bxb6 Qxb6 26. Bxe4 dxe4
27. Rxd8 Qxd8 28. Rd1 Qe7 29. a4 h6 30. Rd4 Kh7 31. Qc4 Kh8 32. Qb5 Rc8 33. Qf5
Rc1+ 34. Kh2 Qc7+ 35. g3 Kg8 36. Rd7 1-0

[Event "27e Open International Avoine"]
[Site "Espace culturel d'Avoine-3742"]
[Date "2012.07.23"]
[Round "3.44"]
[White "Lavanchy, Marc-Henri"]
[Black "Robert, Pierre"]
[Result "1-0"]
[WhiteElo "1930"]
[BlackElo "2087"]
[PlyCount "139"]
[EventDate "2012.??.??"]

1. c4 Nf6 2. Nf3 g6 3. Nc3 Bg7 4. g3 O-O 5. Bg2 d6 6. d4 Nbd7 7. O-O e5 8. e4
c6 9. Be3 Ng4 10. Bg5 f6 11. Bc1 f5 12. h3 Ngf6 13. dxe5 dxe5 14. Qc2 Nxe4 15.
Nxe4 fxe4 16. Ng5 Nc5 17. Be3 Ne6 18. Nxe6 Bxe6 19. Rad1 Qe7 20. Kh2 b5 21.
cxb5 cxb5 22. Bc5 Qc7 23. b4 Rfd8 24. Bxe4 Rac8 25. Bd3 Qf7 26. Bxb5 Bxa2 27.
Ra1 Bb3 28. Qe2 Rc7 29. Qe3 Bc4 30. Bxc4 Qxc4 31. Rfc1 Qb5 32. Qb3+ Kh8 33.
Rxa7 Rxa7 34. Bxa7 e4 35. Rc7 Rf8 36. Qc4 Qf5 37. Re7 Be5 38. Bd4 Bxd4 39.
Qxd4+ Qf6 40. Qxf6+ Rxf6 41. Kg2 Rb6 42. Rxe4 Kg7 43. f4 Kf6 44. Kf3 h6 45. g4
Ra6 46. Re3 Rb6 47. Rb3 Ke6 48. Ke3 h5 49. b5 hxg4 50. hxg4 Kd6 51. Kd4 Kc7 52.
Kc5 Rf6 53. Rb4 Kb7 54. Re4 Rf7 55. Re6 Rxf4 56. Rxg6 Rf7 57. b6 Rf1 58. Rg7+
Kb8 59. g5 Rc1+ 60. Kd4 Rd1+ 61. Ke4 Re1+ 62. Kf5 Rb1 63. b7 Rb6 64. Kg4 Rb1
65. Kh5 Rb6 66. Rf7 Rc6 67. g6 Rc5+ 68. Kh6 Rc6 69. Kh7 Rc1 70. g7 1-0

[Event "27e Open International Avoine"]
[Site "Espace culturel d'Avoine-3742"]
[Date "2012.07.23"]
[Round "3.45"]
[White "Deslias, Gregoire"]
[Black "Mignard, Gregory"]
[Result "1-0"]
[WhiteElo "2075"]
[BlackElo "1830"]
[PlyCount "79"]
[EventDate "2012.??.??"]

1. e4 c5 2. d3 g6 3. g3 Bg7 4. Bg2 Nc6 5. Nf3 d6 6. O-O e6 7. c3 Nge7 8. Be3
O-O 9. d4 cxd4 10. Nxd4 Nxd4 11. Bxd4 e5 12. Be3 Be6 13. Na3 a6 14. Nc2 Rc8 15.
Nb4 Bc4 16. Re1 a5 17. Nc2 Be6 18. Qe2 Qc7 19. Na3 Bc4 20. Qxc4 Qxc4 21. Nxc4
Rxc4 22. Rad1 Rd8 23. Bb6 Rd7 24. Bf1 Rc8 25. Bxa5 Ra8 26. Bb4 Rxa2 27. Rxd6
Rxd6 28. Bxd6 Nc6 29. Ba3 Bf8 30. Bc4 Bxa3 31. Bxa2 Bxb2 32. Rb1 Bxc3 33. Rxb7
Nd8 34. Rd7 Ba5 35. Re7 Kg7 36. Rxe5 Bc7 37. Rd5 Bb6 38. Kg2 Ne6 39. Rd6 Bc5
40. Rc6 1-0

[Event "27e Open International Avoine"]
[Site "Espace culturel d'Avoine-3742"]
[Date "2012.07.23"]
[Round "3.46"]
[White "Doucet, Antoine"]
[Black "Peyre, Thomas"]
[Result "0-1"]
[WhiteElo "1901"]
[BlackElo "2072"]
[PlyCount "108"]
[EventDate "2012.??.??"]

1. b3 e5 2. Bb2 d6 3. e3 Nf6 4. Nf3 Bg4 5. Be2 Nbd7 6. d4 e4 7. Nfd2 Bxe2 8.
Qxe2 d5 9. c4 c6 10. Nc3 a6 11. O-O Bd6 12. f3 Qe7 13. fxe4 dxe4 14. Rf5 O-O
15. c5 Bc7 16. Nc4 Qe6 17. Rff1 Nd5 18. Nxd5 cxd5 19. Nd2 f5 20. Ba3 Rf7 21. g3
Qh6 22. Rf2 g6 23. Raf1 Nf6 24. Re1 Ng4 25. Rg2 Kh8 26. Nb1 Rd8 27. Nc3 g5 28.
b4 Qe6 29. Bc1 Rdf8 30. Rf1 h6 31. a4 Nf6 32. Rgf2 Nh7 33. Kh1 g4 34. Qa2 Rd8
35. Ne2 Ng5 36. Nf4 Bxf4 37. gxf4 Nf3 38. Rg2 Rg7 39. Bd2 g3 40. Rxg3 Rxg3 41.
hxg3 Qg6 42. Kg2 Rg8 43. Rxf3 exf3+ 44. Kxf3 Qxg3+ 45. Ke2 Qg2+ 46. Kd3 h5 47.
Qb3 h4 48. Qd1 Qg4 49. Qh1 h3 50. Qxd5 h2 51. Qxb7 Rg7 52. Qc6 Qh3 53. Bc3 h1=Q
54. d5 Qe4+ 0-1

[Event "27e Open International Avoine"]
[Site "Espace culturel d'Avoine-3742"]
[Date "2012.07.23"]
[Round "3.47"]
[White "Bodicker, Rob"]
[Black "Dussert, Philippe"]
[Result "1-0"]
[WhiteElo "2070"]
[BlackElo "1813"]
[PlyCount "49"]
[EventDate "2012.??.??"]

1. d4 f5 2. e4 e6 3. exf5 exf5 4. Nf3 Nf6 5. Bd3 d6 6. O-O Be7 7. c3 O-O 8.
Qb3+ d5 9. c4 c6 10. Nc3 b6 11. cxd5 cxd5 12. Bg5 Kh8 13. Bxf6 Bxf6 14. Qxd5
Qxd5 15. Nxd5 Nc6 16. Nxf6 Rxf6 17. Bc4 Bb7 18. Rac1 Na5 19. Be2 Nc6 20. Rfd1
Rd8 21. a3 h6 22. d5 Na5 23. b4 Nb3 24. Rb1 Rxd5 25. Rxb3 1-0